| 000 | 00327nam a22001337a 4500 | ||
|---|---|---|---|
| 003 | SGT | ||
| 082 |
_a920 _bS75R |
||
| 100 | _aRANDEY, EKNATH | ||
| 245 | _aSWAMI VIVEKANAND KA HINDU- RASTRA KO AMAR SANDESH | ||
| 260 |
_bVIDEKANAND KENDRA HINDI PRAKASHAN VIBHAG _c1975 |
||
| 300 | _a160 | ||
| 650 | _aBIOGRAPHY | ||
| 942 |
_2ddc _cBK |
||
| 999 |
_c28261 _d28261 |
||